LEADER 01090nam a2200265 u 4500 001 000000000662 003 CaOOAMICUS 005 20070226104227.0 008 940811s1949 it u000 u ita u 035 $a10012428 040 $aPUL(R)$bita 041 1 $aita$hger 100 1 $aKeyserling, Hermann Alexander,$cGraf von,$d1880-1946.$0(OLS)http://pul/name/730 240 10$aNeuentstehende Welt.$lItaliano.$0(OLS)http://pul/title/917 245 10$aPresagi di un mondo nuovo /$cHermann Keyserling ; Traduzioni di Guido Gentilli. 260 $aMilano :$bEdizioni di Comunità,$c1949. 300 $a190 p. ;$c23 cm 650 4$aProgresso.$0(OLS)http://pul/subject/712 700 1 $aGentilli, Guido.$0(OLS)http://pul/name/731 850 $aPUL 852 $aPUL$W1$xDP1 Cons. Gen., Altre Classi 1$y22$m46 N 43$j856$nBK-PRI$b $qStampati$B856$CPULBib$Z2$F856 $H $81 941 1 $a8 961 $aINV: 14092 996 $6245$aPresagi di un mondo nuovo$9(OLS)http://pul/title/918 996 $6260$aMilano :$bEdizioni di Comunità$9(OLS)http://pul/publisher/48252 LEADER 01163nam a2200301 u 4500 001 000000074029 003 CaOOAMICUS 005 20070226122421.0 008 021129s2000 it u000 u ita u 020 $a8824403255 035 $a10946434 040 $aPUL$bita 100 1 $aDel Giudice, Federico.$0(OLS)http://pul/name/40811 245 10$aDiritto ecclesiastico /$cF. del Giudice, F. Mariani. 250 $a7a ed. 260 $aNapoli :$bSimone,$cstampa 2000. 300 $a283 p. ;$c20 cm 490 1 $aManuali giuridici ;$v32 650 4$aDiritto ecclesiastico$zItalia$xStudio e insegnamento.$0(OLS)http://pul/subject/2960 700 1 $aMariani, F.$0(OLS)http://pul/name/26972 830 0$aManuali giuridici ;$v32.$0(OLS)http://pul/title/97289 850 $aPUL 852 $aPUL$W1$xSL Diritto Canonico 1$y5$m165 C 49$j95580$nBK-PRI$b $qStampati$B95580$CPULBib$Z2$F95580 $H $81 941 1 $a8 961 $aINV: 87358 996 $6020$a8824403255$9(OLS)http://pul/number/95712 996 $6245$aDiritto ecclesiastico$9(OLS)http://pul/title/5089 996 $6260$aNapoli :$bSimone$9(OLS)http://pul/publisher/62366